000 00308nam a2200133 a 4500
005 20140414131918.0
008 101020s19uu xx 00 eng d
050 _aER
_bIn8 1997
100 _a
245 _aIn the kitchen.
260 _bRhythm,
_c1997.
440 _aTwinkle Star Readers
999 _c111572
_d111572